000 00594nam a2200193Ia 4500
005 20250923150029.0
008 008 250917s9999 xx 000 0 eng d
037 _aTextual
040 _aDSWL
_beng
_cDSWL
041 _aeng
_2eng
084 _aY11:7:7x2, N99
_qDSWL
245 0 _aCulture socialization and human development : Theory research and applications in India
_c by T. SARASWATHI
260 _aNew Delhi
_bSage Publications India
_c1999
300 _a438 p.
365 _aINR
_b495
925 _g495
942 _cTEXL
_hY11:7:7x2, N99
999 _c1458727
_d1458727